[Event "Bayern-chI Bank Hofmann 24th"]
[Site "Tegernsee"]
[Date "2021.10.31"]
[Round "2"]
[White "Suvorov, Alexander David"]
[Black "Smits, Mark"]
[Result "1-0"]
[WhiteElo "2392"]
[BlackElo "2165"]
[PlyCount "37"]
[EventDate "2021.10.30"]
[EventType "swiss"]
[EventRounds "9"]
[EventCountry "GER"]
[SourceTitle "CBM 205 Extra"]
[Source "ChessBase"]
[SourceDate "2022.01.31"]
[SourceVersion "1"]
[SourceVersionDate "2022.01.31"]
[SourceQuality "1"]

1. d4 Nf6 2. c4 g6 3. Nc3 Bg7 4. e4 d6 5. Nge2 c6 6. Ng3 a6 7. Be2 b5 8. f4 bxc4 9. e5 dxe5 10. fxe5 Nd5 11. Bxc4 Nb6 12. Bb3 0-0 13. 0-0 a5 14. Nge4 Bf5 15. Ng5 c5 16. Rxf5 c4 17. Rxf7 Rxf7 18. Nxf7 Qc7 19. Nh6+ 1-0

[Event "Bayern-chI Bank Hofmann 22nd"]
[Site "Tegernsee"]
[Date "2018.10.28"]
[Round "2"]
[White "Smits, Mark"]
[Black "Sandipan, Chanda"]
[Result "0-1"]
[WhiteElo "2203"]
[BlackElo "2535"]
[PlyCount "98"]
[EventDate "2018.10.27"]
[EventType "swiss"]
[EventRounds "9"]
[EventCountry "GER"]
[SourceTitle "CBM 187 Extra"]
[Source "ChessBase"]
[SourceDate "2018.11.04"]
[SourceVersion "1"]
[SourceVersionDate "2018.11.04"]
[SourceQuality "1"]

1. e4 c5 2. Nf3 d6 3. d4 cxd4 4. Nxd4 Nf6 5. Nc3 a6 6. Bg5 e6 7. Qe2 Be7 8. 0-0-0 Nxe4 9. Bxe7 Nxc3 10. Bxd8 Nxe2+ 11. Nxe2 Kxd8 12. Rxd6+ Ke7 13. Rd2 b5 14. Nd4 Bb7 15. f3 Nd7 16. Nb3 Bd5 17. Na5 Rhc8 18. b3 b4 19. Bc4 Nf6 20. Bxd5 exd5 21. Re1+ Kf8 22. Rd4 Rab8 23. a3 bxa3 24. Kd2 Rb5 25. b4 Ne8 26. Ra1 Nc7 27. Rxa3 Ne6 28. Rh4 Kg8 29. Rc3 Rxc3 30. Kxc3 g5 31. Rh3 f6 32. Nc6 Rb7 33. Kd2 Nf4 34. Rg3 Rb6 35. b5 Rxb5 36. h4 h6 37. hxg5 hxg5 38. Rg4 Rb6 39. g3 Ng6 40. Nd8 Ne5 41. Ra4 Kf8 42. f4 Nc4+ 43. Kc3 Ke8 44. Kd4 Kxd8 45. Kxd5 Ne3+ 46. Kc5 Re6 47. c4 g4 48. Ra3 Kc7 49. Kd4 Nc2+ 0-1

[Event "Utrecht OKU op 45th"]
[Site "Utrecht"]
[Date "2018.06.02"]
[Round "3"]
[White "Smits, Mark"]
[Black "Horvath, Csaba"]
[Result "0-1"]
[WhiteElo "2203"]
[BlackElo "2519"]
[PlyCount "72"]
[EventDate "2018.06.01"]
[EventType "swiss"]
[EventRounds "6"]
[EventCountry "NED"]
[SourceTitle "CBM 184 Extra"]
[Source "ChessBase"]
[SourceDate "2018.06.28"]
[SourceVersion "1"]
[SourceVersionDate "2018.06.28"]
[SourceQuality "1"]

1. e4 c5 2. Nf3 e6 3. d4 cxd4 4. Nxd4 a6 5. Nc3 Qc7 6. Bd3 Nf6 7. Qe2 Bd6 8. g4 Nc6 9. Nb3 h6 10. Bd2 Ne5 11. 0-0-0 b6 12. h4 Nfxg4 13. Rhg1 h5 14. f3 Nh2 15. Rxg7 Nhxf3 16. Be3 Bf8 17. Rg2 Nxh4 18. Rh2 Nhg6 19. Rxh5 Rxh5 20. Qxh5 Bb7 21. Be2 b5 22. a3 Rc8 23. Kb1 Bxa3 24. Bd4 Bf8 25. Rd2 d6 26. Qh7 b4 27. Na4 Bxe4 28. Bxa6 Bxc2+ 29. Ka2 Bxb3+ 30. Kxb3 Nf3 31. Bb5+ Ke7 32. Bf6+ Kxf6 33. Rf2 Qb7 34. Nb6 Qe4 35. Ka2 b3+ 36. Ka3 d5+ 0-1

[Event "Utrecht OKU op 43rd"]
[Site "Utrecht"]
[Date "2016.06.05"]
[Round "6"]
[White "Balje, Jan"]
[Black "Smits, Mark"]
[Result "0-1"]
[WhiteElo "2219"]
[BlackElo "2221"]
[PlyCount "82"]
[EventDate "2016.06.03"]
[EventType "swiss"]
[EventRounds "6"]
[EventCountry "NED"]
[SourceTitle "CBM 172 Extra"]
[Source "ChessBase"]
[SourceDate "2016.06.21"]
[SourceVersion "1"]
[SourceVersionDate "2016.06.21"]
[SourceQuality "1"]

1. d4 Nf6 2. c4 g6 3. Nf3 Bg7 4. g3 0-0 5. Bg2 d6 6. 0-0 c6 7. Nc3 Qa5 8. e4 Bg4 9. h3 Bxf3 10. Bxf3 Nfd7 11. Be3 a6 12. Qd2 c5 13. dxc5 dxc5 14. Nd5 Qd8 15. Rfd1 e6 16. Nc3 Qa5 17. Be2 Rd8 18. Bg5 Rc8 19. Rab1 Bd4 20. Be3 Nc6 21. f4 Rd8 22. Bd3 Nb6 23. Bxd4 Rxd4 24. Qe2 Rad8 25. a3 Na4 26. Na2 b5 27. b4 Qb6 28. Kg2 cxb4 29. axb4 Qb7 30. cxb5 axb5 31. Kh2 Qd7 32. Bc2 Rd2 33. Rxd2 Qxd2 34. Re1 Nb2 35. Kh1 Nc4 36. Bd1 Rd3 37. Qxd2 Nxd2 38. Be2 Re3 39. Kg2 Nd4 40. Kf2 Ra3 41. Nc1 Nxe4+ 0-1

[Event "Roosendaal LBV op-A"]
[Site "Roosendaal"]
[Date "2012.08.19"]
[Round "6"]
[White "Smits, Mark"]
[Black "Van der Stricht, Geert"]
[Result "0-1"]
[WhiteElo "2206"]
[BlackElo "2403"]
[PlyCount "96"]
[EventDate "2012.08.16"]
[EventType "swiss"]
[EventRounds "6"]
[EventCountry "NED"]
[SourceTitle "CBM 150 Extra"]
[Source "ChessBase"]
[SourceDate "2012.10.19"]
[SourceVersion "1"]
[SourceVersionDate "2012.10.19"]
[SourceQuality "1"]

1. e4 c5 2. Nf3 d6 3. d4 cxd4 4. Nxd4 Nf6 5. Nc3 a6 6. Bg5 Nbd7 7. Qe2 b5 8. 0-0-0 Bb7 9. a3 Rc8 10. Bxf6 Nxf6 11. e5 dxe5 12. Qxe5 Nd7 13. Qg3 g6 14. Ncxb5 e5 15. Nf3 Be4 16. Bd3 Bxf3 17. Qxf3 Qb6 18. Bc4 Rxc4 19. Rxd7 Bh6+ 20. Kb1 0-0 21. Nd6 Rf4 22. Qd5 Qxf2 23. Rd1 Qe2 24. Rc7 e4 25. Rd4 Qf1+ 26. Ka2 e3 27. Rxf4 Qxf4 28. Re7 Qf6 29. Re4 Rd8 30. Ne8 Qb6 31. Qc4 a5 32. b4 axb4 33. axb4 Qa7+ 34. Kb3 Ra8 35. Nf6+ Kg7 36. Ne8+ Kf8 37. Qc6 Qa2+ 38. Kc3 Qa3+ 39. Kc4 Qa2+ 40. Kc3 Qa1+ 41. Kc4 Qf1+ 42. Kc5 Qf5+ 43. Kb6 Qxe4 44. Qxe4 Rxe8 45. Qh4 e2 46. Qxh6+ Kg8 47. Qd2 e1Q 48. Qxe1 Rxe1 0-1

[Event "Roosendaal LBV op-A"]
[Site "Roosendaal"]
[Date "2012.08.17"]
[Round "2"]
[White "Smits, Mark"]
[Black "Tan, Matthew"]
[Result "0-1"]
[WhiteElo "2206"]
[BlackElo "2428"]
[PlyCount "40"]
[EventDate "2012.08.16"]
[EventType "swiss"]
[EventRounds "6"]
[EventCountry "NED"]
[SourceTitle "CBM 150 Extra"]
[Source "ChessBase"]
[SourceDate "2012.10.19"]
[SourceVersion "1"]
[SourceVersionDate "2012.10.19"]
[SourceQuality "1"]

1. e4 e6 2. d4 d5 3. Nc3 Bb4 4. e5 Ne7 5. a3 Bxc3+ 6. bxc3 c5 7. f4 b6 8. g4 h5 9. Bh3 Qc7 10. Nf3 hxg4 11. Bxg4 Nbc6 12. Kf1 f5 13. exf6 gxf6 14. Ne1 e5 15. fxe5 fxe5 16. Bg5 exd4 17. Bh5+ Kd8 18. Qf3 Qe5 19. h4 Qe4 20. c4 Rxh5 0-1

[Event "Roosendaal LBV op-A"]
[Site "Roosendaal"]
[Date "2012.08.17"]
[Round "3"]
[White "Werle, Jan"]
[Black "Smits, Mark"]
[Result "1-0"]
[WhiteElo "2533"]
[BlackElo "2206"]
[PlyCount "105"]
[EventDate "2012.08.16"]
[EventType "swiss"]
[EventRounds "6"]
[EventCountry "NED"]
[SourceTitle "CBM 150 Extra"]
[Source "ChessBase"]
[SourceDate "2012.10.19"]
[SourceVersion "1"]
[SourceVersionDate "2012.10.19"]
[SourceQuality "1"]

1. d4 Nf6 2. c4 e6 3. Nc3 Bb4 4. e3 0-0 5. Bd3 d6 6. Nge2 e5 7. 0-0 Re8 8. Nd5 Nxd5 9. cxd5 Ba5 10. b4 Bb6 11. Qc2 h6 12. dxe5 dxe5 13. Nc3 Nd7 14. Na4 Nf6 15. Nxb6 cxb6 16. e4 Nh5 17. Rd1 Qd6 18. Qb2 Nf4 19. Bf1 Bg4 20. f3 Bd7 21. Be3 Rac8 22. a4 f5 23. Rd2 fxe4 24. fxe4 Rf8 25. Rf2 g5 26. a5 Nh5 27. Rxf8+ Rxf8 28. axb6 axb6 29. Bd3 Nf4 30. Bf1 Nh5 31. Qb1 Nf6 32. h3 Nh5 33. Ra2 Nf4 34. Qe1 Kh7 35. Rf2 Rg8 36. Qc3 h5 37. Bc1 Rc8 38. Qb2 Qc7 39. Be3 h4 40. b5 Qd6 41. Bd2 Re8 42. Qb4 Qf6 43. Bc1 Rf8 44. Qe1 Be8 45. Rc2 Rf7 46. Rc8 Bd7 47. Rc7 Nh5 48. Bd3 Ng3 49. Be3 Kg8 50. Rxb7 Bxh3 51. Rxf7 Qxf7 52. gxh3 Qf3 53. Kh2 1-0

[Event "Roosendaal LBV op-A"]
[Site "Roosendaal"]
[Date "2012.08.16"]
[Round "1"]
[White "Peeters, Bart"]
[Black "Smits, Mark"]
[Result "0-1"]
[WhiteElo "1932"]
[BlackElo "2206"]
[PlyCount "58"]
[EventDate "2012.08.16"]
[EventType "swiss"]
[EventRounds "6"]
[EventCountry "NED"]
[SourceTitle "CBM 150 Extra"]
[Source "ChessBase"]
[SourceDate "2012.10.19"]
[SourceVersion "1"]
[SourceVersionDate "2012.10.19"]
[SourceQuality "1"]

1. d4 Nf6 2. c4 e6 3. Nc3 Bb4 4. Qb3 Nc6 5. Nf3 d6 6. Bg5 h6 7. Bxf6 Qxf6 8. e3 e5 9. d5 Bxc3+ 10. Qxc3 Ne7 11. Bd3 0-0 12. Nd2 Qg5 13. g3 Qh5 14. Be2 Qg6 15. 0-0-0 c6 16. dxc6 Nxc6 17. Bf3 a5 18. Qc2 f5 19. Bxc6 bxc6 20. f4 c5 21. Nb1 Bb7 22. Rhe1 Be4 23. Qa4 Qe6 24. Rf1 Rfb8 25. a3 Rb4 26. axb4 Qxc4+ 27. Nc3 axb4 28. Qb5 Ra1+ 29. Kd2 bxc3+ 0-1

[Event "Roosendaal op"]
[Site "Roosendaal"]
[Date "2011.08.21"]
[Round "6"]
[White "Smits, Mark"]
[Black "Van den Doel, Erik"]
[Result "0-1"]
[WhiteElo "2209"]
[BlackElo "2574"]
[PlyCount "74"]
[EventDate "2011.08.19"]
[EventType "swiss"]
[EventRounds "6"]
[EventCountry "NED"]
[SourceTitle "CBM 143 Extra"]
[Source "ChessBase"]
[SourceDate "2011.08.29"]
[SourceVersion "1"]
[SourceVersionDate "2011.08.29"]
[SourceQuality "1"]

1. e4 d6 2. d4 Nf6 3. f3 c5 4. Ne2 cxd4 5. Nxd4 Nc6 6. Nc3 e6 7. Be3 Be7 8. Qd2 0-0 9. 0-0-0 a6 10. Kb1 Nxd4 11. Bxd4 b5 12. g4 Nd7 13. h4 Qc7 14. g5 b4 15. Ne2 a5 16. Nc1 Ne5 17. Qg2 Bb7 18. h5 f5 19. gxf6 Bxf6 20. f4 Nc4 21. Qh3 Rae8 22. Qd3 Ba6 23. Qg3 e5 24. fxe5 dxe5 25. Bg1 Rd8 26. Bd3 a4 27. Qe1 Rb8 28. Bxc4+ Bxc4 29. b3 Be6 30. Nd3 Rfd8 31. Nb2 Rxd1+ 32. Qxd1 axb3 33. cxb3 Rd8 34. Qe1 Qb7 35. h6 Bf5 36. exf5 Qxh1 37. hxg7 Qf3 0-1

[Event "Roosendaal op"]
[Site "Roosendaal"]
[Date "2011.08.19"]
[Round "1"]
[White "Smits, Mark"]
[Black "De Wit, Albert"]
[Result "1-0"]
[WhiteElo "2209"]
[BlackElo "2036"]
[PlyCount "63"]
[EventDate "2011.08.19"]
[EventType "swiss"]
[EventRounds "6"]
[EventCountry "NED"]
[SourceTitle "CBM 143 Extra"]
[Source "ChessBase"]
[SourceDate "2011.08.29"]
[SourceVersion "1"]
[SourceVersionDate "2011.08.29"]
[SourceQuality "1"]

1. e4 g6 2. d4 Bg7 3. Nf3 c6 4. Nc3 d5 5. h3 Nh6 6. Bd3 0-0 7. 0-0 f6 8. exd5 cxd5 9. Re1 Nc6 10. Bf4 g5 11. Bh2 g4 12. hxg4 Bxg4 13. Be2 Nf5 14. Nb5 Rc8 15. c3 a6 16. Na3 Kh8 17. Qd2 Rg8 18. Ng5 fxg5 19. Bxg4 Nh4 20. Bxc8 Qxc8 21. Qe2 g4 22. Qe6 Qf8 23. Bg3 Nf5 24. Nc2 h5 25. Ne3 Nfxd4 26. cxd4 Nxd4 27. Qxd5 e5 28. Bxe5 Nf3+ 29. gxf3 gxf3 30. Kh2 Qe7 31. Nf5 Qg5 32. Rg1 1-0

[Event "Utrecht OKU op 38th"]
[Site "Utrecht"]
[Date "2011.06.04"]
[Round "3"]
[White "Reinderman, Dimitri"]
[Black "Smits, Mark"]
[Result "1-0"]
[WhiteElo "2617"]
[BlackElo "2176"]
[PlyCount "61"]
[EventDate "2011.06.03"]
[EventType "swiss"]
[EventRounds "6"]
[EventCountry "NED"]
[SourceTitle "CBM 142 Extra"]
[Source "ChessBase"]
[SourceDate "2011.06.27"]
[SourceVersion "1"]
[SourceVersionDate "2011.06.27"]
[SourceQuality "1"]

1. c4 Nf6 2. Nc3 e6 3. e4 d5 4. e5 d4 5. exf6 dxc3 6. bxc3 Qxf6 7. d4 c5 8. Nf3 h6 9. Rb1 Nc6 10. Qa4 Qf5 11. Rb2 Be7 12. Ne5 cxd4 13. cxd4 Qe4+ 14. Be2 0-0 15. Nxc6 bxc6 16. 0-0 Qxd4 17. Bf3 Rd8 18. Rd2 Qb6 19. Rxd8+ Bxd8 20. Be3 Qa6 21. Qxc6 Qxc6 22. Bxc6 Rb8 23. Bxa7 Rb2 24. Rd1 Ba5 25. a4 Rc2 26. Bb5 Bb7 27. h4 Be4 28. f3 Bg6 29. c5 Bd2 30. c6 Bf4 31. h5 1-0

[Event "Utrecht OKU op 38th"]
[Site "Utrecht"]
[Date "2011.06.04"]
[Round "2"]
[White "Smits, Mark"]
[Black "Ootes, Lars"]
[Result "1-0"]
[WhiteElo "2176"]
[BlackElo "2358"]
[PlyCount "61"]
[EventDate "2011.06.03"]
[EventType "swiss"]
[EventRounds "6"]
[EventCountry "NED"]
[SourceTitle "CBM 142 Extra"]
[Source "ChessBase"]
[SourceDate "2011.06.27"]
[SourceVersion "1"]
[SourceVersionDate "2011.06.27"]
[SourceQuality "1"]

1. e4 c5 2. Nf3 e6 3. d4 cxd4 4. Nxd4 Nc6 5. Nc3 Qc7 6. f4 a6 7. Nxc6 bxc6 8. e5 f5 9. Be2 g5 10. Bh5+ Kd8 11. 0-0 Bg7 12. Qe1 Ne7 13. Na4 Bf8 14. fxg5 Bg7 15. Bf4 Nd5 16. g3 Rb8 17. c4 Nxf4 18. gxf4 c5 19. b3 Bf8 20. Rd1 h6 21. g6 Bb7 22. Qh4+ Be7 23. g7 Rg8 24. Qg3 Kc8 25. Qg6 Qd8 26. Rxd7 Kxd7 27. Rd1+ Kc7 28. Rxd8 Rbxd8 29. Qf7 Kd7 30. Nxc5+ Kc6 31. Qxe7 1-0

[Event "Roosendaal op"]
[Site "Roosendaal"]
[Date "2010.08.29"]
[Round "5"]
[White "Rens, Carlo"]
[Black "Smits, Mark"]
[Result "0-1"]
[WhiteElo "2036"]
[BlackElo "2267"]
[PlyCount "48"]
[EventDate "2010.08.27"]
[EventType "swiss"]
[EventRounds "6"]
[EventCountry "NED"]
[SourceTitle "CBM 138 Extra"]
[Source "ChessBase"]
[SourceDate "2010.10.29"]
[SourceVersion "1"]
[SourceVersionDate "2010.10.29"]
[SourceQuality "1"]

1. e4 e5 2. Nc3 Nc6 3. f4 Bb4 4. Nd5 Ba5 5. Qg4 Kf8 6. b4 Nxb4 7. Nxb4 Bxb4 8. Qf3 d6 9. Bc4 Nf6 10. Ne2 Bg4 11. Qb3 Bc5 12. d3 Bxe2 13. Kxe2 Qd7 14. f5 c6 15. a4 d5 16. Ba3 b6 17. Bxc5+ bxc5 18. Ba6 dxe4 19. dxe4 Nxe4 20. Rad1 Qxf5 21. Rhf1 Qg4+ 22. Ke1 Nf6 23. Kf2 Qb4 24. Qd3 Qd4+ 0-1

[Event "Bossum Pinkster op-A"]
[Site "Bossum"]
[Date "2010.05.24"]
[Round "7"]
[White "Smits, Mark"]
[Black "Willemsma, Abe"]
[Result "1-0"]
[WhiteElo "2288"]
[BlackElo "2077"]
[PlyCount "55"]
[EventDate "2010.05.21"]
[EventType "swiss"]
[EventRounds "7"]
[EventCountry "NED"]
[SourceTitle "CBM 136 Extra"]
[Source "ChessBase"]
[SourceDate "2010.07.02"]
[SourceVersion "2"]
[SourceVersionDate "2010.07.15"]
[SourceQuality "1"]

1. e4 c5 2. Nf3 e6 3. d4 cxd4 4. Nxd4 Nf6 5. Nc3 d6 6. Bc4 a6 7. Bb3 Nbd7 8. Bg5 Nc5 9. Qf3 Be7 10. 0-0-0 Qc7 11. Rhe1 b5 12. Nf5 Nxb3+ 13. axb3 exf5 14. Bxf6 gxf6 15. Nd5 Qb8 16. exf5 Ra7 17. Qc3 Kd8 18. Rxe7 Rxe7 19. Qxf6 Rhe8 20. Re1 Qb7 21. Qxd6+ Rd7 22. Qf6+ Rde7 23. Re5 a5 24. g4 b4 25. Kb1 Qa7 26. h4 a4 27. bxa4 b3 28. cxb3 1-0

[Event "BEL-chT 0809"]
[Site "Belgium"]
[Date "2009.03.08"]
[Round "10"]
[White "Smits, Mark"]
[Black "Willemze, Thomas"]
[Result "1/2-1/2"]
[WhiteElo "2301"]
[BlackElo "2417"]
[PlyCount "87"]
[EventDate "2008.10.05"]
[EventType "team-tourn"]
[EventRounds "11"]
[EventCountry "BEL"]
[SourceTitle "EXT 2010"]
[Source "ChessBase"]
[SourceDate "2010.11.25"]
[SourceVersion "1"]
[SourceVersionDate "2010.11.25"]
[SourceQuality "1"]
[WhiteTeam "Borgerhout"]
[BlackTeam "Bredene II"]
[WhiteTeamCountry "BEL"]
[BlackTeamCountry "BEL"]

1. e4 c5 2. Nf3 e6 3. d4 cxd4 4. Nxd4 Nc6 5. Nc3 Qc7 6. Nxc6 bxc6 7. Bd3 Nf6 8. 0-0 Be7 9. Re1 e5 10. Na4 0-0 11. c4 Rd8 12. Qc2 d6 13. b3 Nd7 14. c5 Nxc5 15. Nxc5 dxc5 16. Be3 a5 17. Red1 a4 18. Bc4 Rxd1+ 19. Rxd1 axb3 20. Bxb3 Qb6 21. Qc3 Qc7 22. Bxc5 Bxc5 23. Qxc5 Be6 24. Bxe6 fxe6 25. Qc4 Qe7 26. g3 h6 27. a4 c5 28. Ra1 Ra5 29. Rb1 Qd7 30. Rb5 Rxb5 31. Qxb5 Qd1+ 32. Kg2 Qd4 33. Qc6 c4 34. a5 Kh7 35. a6 c3 36. Kh3 Qa7 37. Qxc3 Qxa6 38. Qxe5 Qf1+ 39. Kg4 Qxf2 40. Qxe6 Qxh2 41. Qf5+ Kg8 42. e5 Qh1 43. Qd3 Qc6 44. Qb3+ 1/2-1/2

[Event "BEL-chT 0809"]
[Site "Belgium"]
[Date "2009.02.15"]
[Round "9"]
[White "Zamparo, Sergio"]
[Black "Smits, Mark"]
[Result "1/2-1/2"]
[WhiteElo "2116"]
[BlackElo "2301"]
[PlyCount "147"]
[EventDate "2008.10.05"]
[EventType "team-tourn"]
[EventRounds "11"]
[EventCountry "BEL"]
[SourceTitle "EXT 2010"]
[Source "ChessBase"]
[SourceDate "2010.11.25"]
[SourceVersion "1"]
[SourceVersionDate "2010.11.25"]
[SourceQuality "1"]
[WhiteTeam "Brussels"]
[BlackTeam "Borgerhout"]
[WhiteTeamCountry "BEL"]
[BlackTeamCountry "BEL"]

1. e4 e5 2. Nf3 Nc6 3. c3 d6 4. d4 Qe7 5. Bb5 Bd7 6. 0-0 Nf6 7. Re1 g6 8. d5 Nb8 9. c4 Bg7 10. Nc3 0-0 11. Bg5 h6 12. Bd2 Bg4 13. h3 Bc8 14. Nh2 Nbd7 15. Qc1 Kh7 16. Ba4 Nh5 17. Ng4 Nf4 18. Bc2 h5 19. Nh2 Bh6 20. Ne2 Qf6 21. Nxf4 Bxf4 22. Bxf4 exf4 23. Nf3 Ne5 24. Nxe5 Qxe5 25. Bd1 Bd7 26. Qd2 Rae8 27. Bf3 Kh6 28. g3 g5 29. g4 b6 30. Kg2 hxg4 31. Bxg4 Re7 32. f3 Rfe8 33. Kf2 Kg6 34. h4 Bxg4 35. fxg4 gxh4 36. Kf3 Kg5 37. Re2 Qf6 38. Rh1 Rh8 39. Reh2 Rh6 40. Rxh4 Rxh4 41. Rxh4 Kg6 42. g5 Qe5 43. Rxf4 Re8 44. Rf6+ Kg7 45. Qf4 Qxf4+ 46. Kxf4 Rh8 47. Rh6 Rxh6 48. gxh6+ Kxh6 49. Kf5 Kg7 50. b4 Kf8 51. Kf6 Ke8 52. e5 dxe5 53. Kxe5 Ke7 54. c5 Kd7 55. Kf6 Ke8 56. c6 b5 57. a3 a6 58. Kf5 Ke7 59. Ke5 f6+ 60. Kf5 Kd6 61. Kxf6 Kxd5 62. Ke7 Kxc6 63. Ke6 Kb6 64. Kd5 c6+ 65. Kd4 c5+ 66. bxc5+ Kc6 67. Kc3 Kxc5 68. Kb3 a5 69. Kc3 Kd5 70. Kd3 Ke5 71. Kc3 Kd6 72. Kd2 Ke5 73. Ke3 Kd6 74. Kd3 1/2-1/2

[Event "BEL-chT 0607"]
[Site "Belgium"]
[Date "2007.03.11"]
[Round "10"]
[White "Kovalev, Andrei"]
[Black "Smits, Mark"]
[Result "0-1"]
[WhiteElo "2533"]
[BlackElo "2294"]
[PlyCount "96"]
[EventDate "2006.10.01"]
[EventType "team-tourn"]
[EventRounds "11"]
[EventCountry "BEL"]
[SourceTitle "EXT 2008"]
[Source "ChessBase"]
[SourceDate "2007.11.25"]
[SourceVersion "1"]
[SourceVersionDate "2007.11.25"]
[SourceQuality "1"]
[WhiteTeam "SK Rochade"]
[BlackTeam "Borgerhout"]
[WhiteTeamCountry "BEL"]
[BlackTeamCountry "BEL"]

1. e4 e5 2. Nf3 Nc6 3. Bb5 f5 4. d3 Nf6 5. 0-0 fxe4 6. dxe4 Bc5 7. Nc3 d6 8. Na4 Bb6 9. Nxb6 axb6 10. Qd3 0-0 11. Bg5 Qe8 12. Nd2 Nh5 13. Rfe1 Qg6 14. Be3 Bh3 15. Qb3+ Kh8 16. Bf1 Be6 17. Qc3 Nf4 18. Bxf4 Rxf4 19. g3 Raf8 20. f3 R4f7 21. Bg2 h5 22. Qe3 h4 23. c3 hxg3 24. hxg3 Qxg3 25. Nf1 Qh4 26. Qf2 Qf6 27. Ne3 Qg5 28. Kf1 Rf4 29. Ke2 Rxe4 30. Rh1+ Kg8 31. fxe4 Rxf2+ 32. Kxf2 Qf4+ 33. Bf3 d5 34. Ng2 Qd2+ 35. Kg1 d4 36. Rf1 dxc3 37. bxc3 Qxc3 38. Nh4 Nd4 39. Kg2 Qd2+ 40. Kg3 Qf4+ 41. Kg2 Bg4 42. Bxg4 Qxg4+ 43. Kf2 Qf4+ 44. Kg2 Qxe4+ 45. Kh3 g5 46. Ng2 g4+ 47. Kh2 Ne2 48. Nh4 Qe3 0-1

[Event "BEL-chT 0607"]
[Site "Belgium"]
[Date "2007.02.25"]
[Round "9"]
[White "Cekro, Ekrem"]
[Black "Smits, Mark"]
[Result "1-0"]
[WhiteElo "2402"]
[BlackElo "2294"]
[PlyCount "123"]
[EventDate "2006.10.01"]
[EventType "team-tourn"]
[EventRounds "11"]
[EventCountry "BEL"]
[SourceTitle "EXT 2008"]
[Source "ChessBase"]
[SourceDate "2007.11.25"]
[SourceVersion "1"]
[SourceVersionDate "2007.11.25"]
[SourceQuality "1"]
[WhiteTeam "Liege Crelel"]
[BlackTeam "Borgerhout"]
[WhiteTeamCountry "BEL"]
[BlackTeamCountry "BEL"]

1. c4 Nf6 2. g3 g6 3. Bg2 Bg7 4. Nc3 0-0 5. e3 d6 6. Nge2 e5 7. d4 Nbd7 8. b3 Re8 9. h3 c6 10. Qc2 Nf8 11. Bb2 exd4 12. Nxd4 Ne6 13. Rd1 Nxd4 14. Rxd4 Nh5 15. Rd2 Bf5 16. Qc1 Bh6 17. Ne2 Be4 18. Bxe4 Rxe4 19. 0-0 Qe7 20. Kg2 Re8 21. Rd3 Qg5 22. Nf4 Ng7 23. Qc3 R4e5 24. Qd2 R5e7 25. Bxg7 Bxg7 26. Rxd6 Qf5 27. Rd8 h5 28. Rd1 Bf6 29. Qd3 Qe5 30. h4 Kg7 31. Rxe8 Rxe8 32. Qc2 Re7 33. Ne2 Qe6 34. Ng1 Qg4 35. Nf3 a6 36. Rd6 Be5 37. Nxe5 Rxe5 38. Qc3 Qe4+ 39. Kh2 f6 40. Rd7+ Re7 41. Qd4 Qe6 42. Rd6 Qf5 43. Kg2 Kf7 44. c5 Kg7 45. Rd8 Qe6 46. Qd6 Qe4+ 47. Kg1 Rf7 48. Qb8 f5 49. Rg8+ Kh7 50. Rh8+ Kg7 51. Re8 Qd5 52. Rg8+ Kh7 53. Rh8+ Kg7 54. Qg8+ Kf6 55. Qd8+ Qxd8 56. Rxd8 Re7 57. Kf1 Re5 58. Rd6+ Kf7 59. b4 Re7 60. Ke2 Kg7 61. Kd3 Kf7 62. Kc4 1-0

[Event "BEL-chT 0607"]
[Site "Belgium"]
[Date "2006.12.03"]
[Round "5"]
[White "De Jonghe, Bruno"]
[Black "Smits, Mark"]
[Result "1-0"]
[WhiteElo "2232"]
[BlackElo "2294"]
[PlyCount "47"]
[EventDate "2006.10.01"]
[EventType "team-tourn"]
[EventRounds "11"]
[EventCountry "BEL"]
[SourceTitle "CBM 115 Extra"]
[Source "ChessBase"]
[SourceDate "2007.01.10"]
[SourceVersion "1"]
[SourceVersionDate "2007.01.10"]
[SourceQuality "1"]
[WhiteTeam "Boey Temse"]
[BlackTeam "Borgerhout"]
[WhiteTeamCountry "BEL"]
[BlackTeamCountry "BEL"]

1. e4 Nf6 2. e5 Nd5 3. d4 d6 4. Nf3 Bg4 5. Be2 c6 6. exd6 exd6 7. 0-0 Be7 8. h3 Bh5 9. c4 Nf6 10. Nc3 0-0 11. Qb3 Qc8 12. Bf4 Na6 13. Rfe1 Re8 14. g4 Bg6 15. Nh4 Nc7 16. Nxg6 hxg6 17. d5 c5 18. g5 Nh5 19. Bxh5 gxh5 20. Ne4 Qd8 21. Qg3 h4 22. Qxh4 Rf8 23. Bxd6 Bxd6 24. Nf6+ 1-0

[Event "BEL-chT 0506"]
[Site "Belgium"]
[Date "2006.03.26"]
[Round "11"]
[White "Van den Doel, Erik"]
[Black "Smits, Mark"]
[Result "1-0"]
[WhiteElo "2571"]
[BlackElo "2259"]
[PlyCount "75"]
[EventDate "2005.10.09"]
[EventType "team-tourn"]
[EventRounds "11"]
[EventCountry "BEL"]
[SourceTitle "EXT 2007"]
[Source "ChessBase"]
[SourceDate "2006.11.23"]
[SourceVersion "1"]
[SourceVersionDate "2006.11.23"]
[SourceQuality "1"]
[WhiteTeam "KSK47 Eynatten"]
[BlackTeam "Borgerhout"]
[WhiteTeamCountry "BEL"]
[BlackTeamCountry "BEL"]

1. e4 Nf6 2. e5 Nd5 3. d4 d6 4. Nf3 Bg4 5. Be2 c6 6. 0-0 Bxf3 7. Bxf3 dxe5 8. dxe5 e6 9. Nd2 Nd7 10. Nc4 N7b6 11. Qd4 Nxc4 12. Qxc4 Qb6 13. a3 a5 14. Qg4 g6 15. c4 Ne7 16. Bg5 h5 17. Qe4 Bg7 18. Rad1 Nf5 19. Rd2 0-0 20. Rfd1 Qc5 21. Bf6 Rab8 22. h3 b5 23. cxb5 cxb5 24. Rc2 Qa7 25. g4 Bxf6 26. exf6 hxg4 27. hxg4 Nh4 28. g5 Nf5 29. Bg4 Rfd8 30. Rcd2 Rxd2 31. Rxd2 Qc5 32. Rd1 Rc8 33. Bxf5 Qxf5 34. Qxf5 gxf5 35. Kg2 Rc2 36. Rd8+ Kh7 37. Rf8 Kg6 38. Rg8+ 1-0